Lewis Capaldi - Someone You Loved Lyrics - Statistics

General Stats
  • This quiz has been taken 1,814 times
  • The average score is 265 of 326
Answer Stats
Answer % Correct
i
99%
a
97%
the
96%
to
96%
you
96%
and
95%
no
94%
me
93%
it
91%
all
90%
loved
90%
not
89%
someone
89%
day
88%
your
88%
get
87%
be
86%
fall
86%
my
86%
night
86%
here
85%
kinda
84%
bleeds
83%
through
83%
you're
83%
i'm
82%
then
82%
down
81%
into
81%
let
81%
used
81%
now
80%
guard
78%
was
78%
but
77%
being
76%
going
76%
know
76%
somebody
76%
getting
75%
under
75%
it's
74%
need
74%
pulled
74%
this
74%
way
74%
heal
73%
one
72%
rug
71%
say
71%
guess
70%
hold
70%
never
70%
easy
69%
same
69%
save
69%
time
69%
there's
68%
liked
64%
pain
63%
crazy
62%
have
62%
of
61%
got
60%
nothing
60%
arms
59%
driving
59%
eyes
58%
or
58%
close
57%
when
57%
just
56%
numbed
56%
escape
52%
feels
52%
hurts
52%
helped
50%
how
50%
sometimes
50%
really
47%
turn
47%
back
46%
without
46%
around
44%
fear
44%
safe
44%
sleeping
44%
come
41%
for
38%
loving
38%
sound
38%
i'll
37%
til
37%
tend
29%
No matching quizzes found
Score Distribution
Percent of People with Each Score
Percentile by Number Answered
Your Score History
You have not taken this quiz